00000000nam##2200000za#4500
0019.611833
003CaOODSP
00520230202144024
007ta
008150406|1995||||xxc|||||     f|0| 0 eng|d
020 |a0-662-21709-8
040 |aCaOODSP|beng
043 |an-cn---
0861 |aH72-22/17-1995E
1102 |aNational Clearinghouse on Family Violence (Canada)‏.
24514|aThe parent-teen relationship: life through a teenager's eyes / |cby Gus Fraser.
260 |aOttawa - Ontario : |bHealth Canada. |c1995.
300 |a9p. : |breferences ; |c28 cm.
4901 |aInformation from the National Clearinghouse on Family Violence
500 |a"Discusses the way teenagers develop and what parents can do to help them through the transition from childhood to adulthood."--Page 1.
5203 |aDiscusses the way teenagers develop and what parents can do to help them through the transition from childhood to adulthood.--Page 1
590 |a95-37|b1995-09-15
69007|aFamily violence|2gcpds
69007|aAdolescents|2gcpds
7201 |aFraser, Gus
7760#|tThe parent-teen relationship : |w(CaOODSP)9.572681
830#0|aInformation from the National Clearinghouse on Family Violence.|w(CaOODSP)9.514740